| 000 | 00444nam a2200169Ia 4500 | ||
|---|---|---|---|
| 008 | 221030s9999 xx 000 0 und d | ||
| 020 | _a8131415603 | ||
| 041 | _aEnglish | ||
| 082 | _a105.23 | ||
| 100 | _aS. S. Mishra | ||
| 245 | 0 |
_aJust-in-Time : Concepts & Applications _cby S. S. Mishra, N. Karmaker |
|
| 260 |
_bICFAI University Press _aHyderabad _c2008 |
||
| 300 | _a210 | ||
| 650 | _aManagement | ||
| 700 | _aN. Karmaker | ||
| 942 | _cBK | ||
| 999 |
_c9566 _d9566 |
||